Estatísticas para Copa do Mundo da FIFA de 1966

Clique aqui para jogar o quiz

Estatísticas Gerais

  • Esse quiz foi jogado 46 vezes
  • A pontuação média é 14 de 16

Estatísticas das Respostas

GrupoTime% Correto
Grupo 2Alemanha Ocidental
100%
Grupo 2Argentina
100%
Grupo 3Brasil
100%
Grupo 1Inglaterra
100%
Grupo 4Itália
94%
Grupo 1Uruguai
94%
Grupo 4União Soviética
92%
Grupo 2Espanha
89%
Grupo 3Hungria
89%
Grupo 1França
86%
Grupo 4Chile
83%
Grupo 3Portugal
83%
Grupo 1México
81%
Grupo 3Bulgária
69%
Grupo 2Suiça
64%
Grupo 4Coréia do Norte
53%

Distribuição das Pontuações

Percentil de Números Respondidos

Porcentagem de Pessoas com Cada Pontuação

Sua Pontuação Histórica

Você não jogou esse quiz